NFL Rushing Leaders: Houston Texans - Statistics

General Stats
  • This quiz has been taken 37 times
  • The average score is 4 of 10
Answer Stats
Rank Player Yards Years w/ Team % Correct
1 ArianFoster 6472 2009-2015
100%
7 DeshaunWatson 1677 2017-2020
53%
3 LamarMiller 2934 2016-2018
50%
9 DameonPierce 1355 2022-2023
47%
4 AlfredBlue 2407 2014-2018
41%
2 DomanickWilliams 3195 2003-2005
31%
10 DavidCarr 1235 2002-2006
22%
6 SteveSlaton 1832 2008-2011
19%
5 BenTate 1992 2011-2013
13%
8 RonDayne 1385 2006-2007
6%
No matching quizzes found
Score Distribution
Percent of People with Each Score
Percentile by Number Answered
Your Score History
You have not taken this quiz